Statistics for Presidential Trivia #2

Click here to take the quiz!

General Stats

  • This quiz has been taken 15 times
  • The average score is 6 of 10

Answer Stats

HintAnswer% Correct
Born with the name Hiram, later changed it because he didn’t like his initialsUlysses S. Grant
79%
Only president to have a patentAbraham Lincoln
64%
Never went to schoolAndrew Johnson
64%
Blamed a day of fasting for his reelection defeatJohn Adams
64%
Banished squirrels from the White House lawnDwight D. Eisenhower
57%
Him and FDR are the people who appeared on the ballot the most (5)Richard Nixon
50%
Last president to keep a cow at the White House for milkWilliam Howard Taft
50%
Was a model when he was youngerGerald Ford
43%
Least wealthy presidentHarry Truman
43%
When writing to his mistress, referred to his “special” area as JerryWarren G. Harding
36%

Score Distribution

Percentile by Number Answered

Percent of People with Each Score

Your Score History

You have not taken this quiz